Direito Tributario

Detalles Bibliográficos
Autor principal: Jos ̌Rodrigues, Deusmar
Formato: Libro
Lenguaje:portugués
Publicado: Brasil JH Mizuno 2015
Materias:
Acceso en línea:Acceso restringido

MARC

LEADER 00000nam a22000007a 4500
005 20160316125810.0
007 cr|||| ||u|
008 160316s2015 bl ||||| |||| 00||0 por d
020 |a 978-85-7789-237-2 
035 |a 14077 
040 |a vLex  
090 |c 5969  |d 5969 
100 1 |a Jos ̌Rodrigues, Deusmar 
245 1 0 |a Direito Tributario  |h [Recurso electrn̤ico] /  |c Deusmar Jos ̌Rodrigues  
256 |a Servicio en ln̕ea  
260 |a Brasil   |b JH Mizuno  |c 2015 
300 |a 1 recurso electrn̤ico (4® ediȯ̂ 367 pg̀s.)   |b   
506 1 |a Contenido solo disponible en los productos indicados   |d vLex Global  |d vLex Global (Academic Edition, excluding Law Schools)  |d vLex Global (U.S. Academic Edition, Law Schools)  |d vLex Global (U.S. Academic Edition, excluding Law Schools)  |d vLex Global (Academic Edition, Law Schools) 
650 0 4 |a Derecho tributario  |z Brasil  
740 0 |a vLex libros (servicio en ln̕ea)  
856 4 0 |u http://vlex.com/source/direito-tributario-14077  |z Acceso restringido  
942 |c BOOK 
999 0 |a Taxation   |b Brasil